| 000 | 00416nam a2200145Ia 4500 | ||
|---|---|---|---|
| 008 | 230917s9999||||xx |||||||||||||| ||und|| | ||
| 040 |
_e39444 _aMAIN |
||
| 041 | _aEnglish | ||
| 082 | _a658.4 G859M | ||
| 100 | _aGreenwood, William T | ||
| 245 | 0 | _aManagement and organizational behaviour theories: An interdisciplinary approach | |
| 260 |
_aNew York _bSouth-Western _c1965 |
||
| 300 | _axii, 890 p. | ||
| 942 | _cBK | ||
| 999 |
_c157467 _d157467 |
||